Načítá se...
Collected poems
| Hlavní autor: | |
|---|---|
| Médium: | Printed Book |
| Vydáno: |
New Delhi:
Faber & Faber,
1992.
|
| LEADER | 00516nam a22001217a 4500 | ||
|---|---|---|---|
| 008 | 150505b xxu||||| |||| 00| 0 8ng d | ||
| 100 | |a Levi,Primo | ||
| 245 | |a Collected poems |c /Levi,Primo | ||
| 260 | |a New Delhi: |b Faber & Faber, |c 1992. | ||
| 300 | |b 104p. | ||
| 942 | |c BK | ||
| 999 | |c 233080 |d 233080 | ||
| 952 | |0 0 |1 0 |4 0 |6 894_812000000000000_1L1_COL |7 0 |9 258317 |a MAL |b MAL |c ST1 |d 2015-05-05 |e The Bookshop,Publication Division,University of Calicut.Bill No:4082 Date:29/11/2014 |g 730.46 |l 0 |o 894.812 1L1 COL |p MAL35621 |r 2015-05-05 |w 2018-08-20 |y BK | ||